000 00680nam a2200241Ia 4500
003 OSt
005 20220923230650.0
006 a|||||r|||| 00| 0
007 ta
008 220922b |||||||| |||| 00| 0 hin d
024 _a303,800
037 _cTextual
040 _aARTS
_cARTS
_bhin
041 _2hin
_ahin
082 _aO152,1:g, J7
100 _aमित्र, भगीरथ
_9156290
245 0 _aकाव्यशास्त्र
246 _aKāvyashāstra
260 _c1957
650 _aहिन्दी साहित्य
_9156264
942 _hO152,1:g, J7
_cTEXL
_2CC
999 _c386377
_d386377